=LDR 00000nam 2200000 4500 =001 INLIS000000000041068 =005 20130612150624 =008 ***********************************Ind** =035 ##$$a0010-061300000041068 =041 ##$$a Ind =082 ##$$a 813 =090 ##$$a 813, See m =100 ##$$a See, lisa =245 ##$$a Misteri berdarah pustaka cina, Lisa See ; penyunting, Esti Nur Aini =260 ##$$a 2009 $b Bandung =300 ##$$a 612 hlm, 20 cm =650 ##$$a Fiksi =850 ##$$a NBPNMAT =990 ##$$a 0001/BPAP-NTB/20142014